| 000 | 00328nam a22001457a 4500 | ||
|---|---|---|---|
| 020 | _qPB. | ||
| 040 | _cFIZZA ISHAQ | ||
| 082 |
_a005.7 _bALA |
||
| 100 |
_aSAID, ALAN. _928805 |
||
| 245 |
_aDATA SCIENCE IN PRACTICE / _cALAN SAID. |
||
| 250 | _a1st ED. | ||
| 260 |
_bSPRINGER, _c2019. |
||
| 300 | _a195 P. ; | ||
| 942 |
_2ddc _cBK |
||
| 999 |
_c589807 _d589807 |
||